[Event "2nd Charlotte Masters 2021"]
[Site "Charlotte"]
[Date "2021.04.11"]
[Round "5.1"]
[White "Putnam, Liam"]
[Black "Matta, Nicholas"]
[Result "0-1"]
[WhiteElo "2076"]
[BlackElo "2201"]
[Annotator "TA"]
[PlyCount "82"]
[EventDate "2021.04.09"]
[EventType "swiss"]
[EventCountry "USA"]
[SourceTitle "playchess.com"]
[Source "ChessBase"]
[SourceQuality "1"]

{[%evp 25,82,31,57,54,50,24,47,21,129,-14,10,0,-12,-59,-38,-180,-144,-220,-216,-498,-503,-455,-210,-322,-122,-115,-135,-211,-202,-338,-331,-338,-316,-299,-250,-231,-232,-355,-331,-585,-318,-327,-310,-333,-331,-619,-583,-1071,-1031,-991,-942,-1088,-1072,-1060,-1079,-29994,-29995,-29995,-29996]} 1. d4 Nf6 2. c4 e6 3. g3 c5 4. d5 exd5 5. cxd5 d6 6. Nc3 g6 7. Bg2 Bg7 8. Nf3 O-O 9. O-O Re8 10. Bf4 a6 11. a4 Ne4 12. Nxe4 Rxe4 13. Nd2 Rb4 14. Ra2 {A62: Modern Benoni: Fianchetto Variation without early ...Nbd7.} Qe7 15. Qc2 {[#]} Qxe2 $146 ({Predecessor:} 15... Be5 16. Bxe5 Qxe5 17. Nc4 Qf6 18. Ra3 Bf5 19. e4 Bd7 20. Rf3 Qe7 21. Re1 b5 22. Nxd6 Qxd6 {0-1 (43) Santos,A (2184)-Fernando,D (2360) Lisbon 2002}) 16. Bxd6 {White is slightly better.} (16. Qc1 $5 {[%cal Rf1e1]} Rxf4 17. gxf4 $14) 16... b6 {[#]} (16... Bd4 $11 {remains equal.}) 17. Bf3 {[#]} ({White must play} 17. Qc1 $1 $16 {Hoping for Re1.} Bd4 18. Nf3) 17... Bf5 $1 18. Qc1 (18. Bxe2 Bxc2) 18... Qd3 {...Bh6 is the strong threat.} 19. Ra3 (19. Re1 $5 {[%cal Re1e8]} Nd7 20. Re3 $11) 19... Qd4 20. Bc7 (20. Bf4 $15) 20... Nd7 $19 (20... Rxb2 21. Nc4 $15) (20... Qxb2 $2 21. d6 $18) 21. d6 (21. Qc3 $17) 21... Re8 (21... Rxb2 22. Bxa8 Rxd2 23. Re3 $15) 22. Re1 $2 (22. Qc3) 22... Rxe1+ 23. Qxe1 Be5 (23... Rxb2 $142 24. Nf1 Ne5) 24. Bc6 (24. Ra2 $142) 24... Bxd6 $2 (24... Rxb2 25. Nf3 $17) (24... Qxb2 $19 {and Black stays clearly on top.} 25. Rf3 Bh3) 25. Nf3 $17 {[#]} Qf6 $1 ({Avoid the trap} 25... Qxb2 $2 26. Bxd6 Qb1 27. Ra1 $18) 26. Qe8+ (26. Bxd7 $17 Bxd7 27. Qd2 Bxc7 28. Qxd7) 26... Kg7 $19 27. Bxd6 (27. Bxd7 $142 Bxc7 28. Bxf5 Qxf5 29. Qe7) 27... Qxd6 28. Ng5 Ne5 ({Not} 28... Qxc6 29. Qxf7+ Kh6 30. f4 $11) 29. Re3 Qxc6 ({Don't blunder} 29... Nxc6 $2 30. Qxf7+ Kh6 31. h4 $18) 30. Qxe5+ Qf6 31. Qxf6+ (31. Nxf7 {might work better.} Qxe5 32. Nxe5) 31... Kxf6 32. Nxh7+ {[%mdl 4096] Endgame KRB-KRN} Kg7 33. Ng5 Rxb2 34. h4 c4 35. Re7 $2 (35. Kg2) 35... c3 36. Nxf7 Kf6 37. Rc7 c2 38. Kh2 Rb1 39. Ng5 c1=Q {[%csl Gb1][%cal Rc1h1]} 40. Rf7+ Ke5 {[%csl Gb1][%cal Rc1h1]} 41. Re7+ Kd6 {[%csl Gb1][%cal Rc1h1] Weighted Error Value: White=0.98/Black=0.35} 0-1

[Event "2nd Charlotte Masters 2021"]
[Site "Charlotte"]
[Date "2021.04.11"]
[Round "5.2"]
[White "Mardov, Dimitar"]
[Black "Colas, Joshua"]
[Result "1/2-1/2"]
[WhiteElo "2312"]
[BlackElo "2298"]
[Annotator "TA"]
[PlyCount "128"]
[EventDate "2021.04.09"]
[EventType "swiss"]
[EventCountry "USA"]
[SourceTitle "playchess.com"]
[Source "ChessBase"]
[SourceQuality "1"]

{[%evp 11,128,15,49,45,61,12,32,12,37,18,19,12,37,9,20,6,14,11,19,9,22,12,16,10,16,5,17,17,12,0,0,0,14,14,20,19,26,3,9,0,0,0,0,0,9,7,112,87,116,66,163,139,233,233,233,233,233,228,243,235,337,238,243,175,176,169,184,162,247,108,134,66,61,0,4,0,0,0,0,0,0,0,11,15,8,8,116,116,116,116,116,116,116,45,45,45,117,117,117,117,117,117,117,117,117,117,117,117,117,116,117,116,116,116,116,0,116,0,116]} 1. e4 c6 2. Nc3 d5 3. Nf3 Bg4 4. h3 Bxf3 5. Qxf3 e6 6. d4 g6 7. Bd3 {B15: Caro-Kann: 3 Nc3: 3...g6 and 3...dxe4 4 Nxe4 Nf6 5 Nxf6+ exf6.} Bg7 8. Ne2 Nd7 9. O-O {White is slightly better.} Ne7 {[#]} 10. Rd1 $146 ({Predecessor:} 10. c3 O-O 11. Bg5 h6 12. Be3 dxe4 13. Bxe4 a5 14. h4 a4 15. Rad1 Nd5 16. Bb1 Qxh4 {0-1 (28) Migot,T (2353)-Jobava,B (2603) Europe Echecs INT 2020}) 10... O-O 11. c3 dxe4 (11... e5 $5 {[%cal Rf7f5]}) 12. Qxe4 Nd5 13. Nf4 Qb6 14. Qe2 Rfe8 15. Qc2 Rac8 16. a4 Qc7 17. Nxd5 cxd5 18. Bf1 a6 19. a5 Nb8 20. Be3 Nc6 21. Qa4 Ne7 22. g3 Nc6 23. h4 Bf8 24. b4 Bd6 {Threatening ...Bxg3!} 25. Kg2 Ne7 {Strongly threatening ...Nf5.} 26. Bd2 Nf5 {[%cal Rd6g3]} 27. Be1 e5 28. dxe5 Bxe5 (28... Rxe5 $11 {remains equal.} 29. Rd3 Re4) 29. Rxd5 $16 Qe7 ({Don't go for} 29... Bxc3 $2 30. Rc5 $1 $18) 30. b5 Qe6 ({Better is} 30... Bxc3 $14 31. Bxc3 Rxc3) 31. Rad1 $1 $18 Bxc3 (31... Re7 $16) 32. Bxc3 Rxc3 {[#]} 33. bxa6 $1 bxa6 {[#]} 34. Bxa6 {[%mdl 512]} Kg7 (34... Re7 35. Rd8+) 35. Bb5 Re7 (35... Rb8 {was called for.} 36. Bd7 Ne3+ 37. Kg1 Qf6) 36. R5d3 Rc5 37. Bd7 Qe5 38. a6 {Threatens to win with a7.} Ra5 39. Qc4 {Hoping for Rd5.} Qf6 (39... Qe2 $142) 40. Rf3 (40. Bxf5 $18 {and the rest is easy.} Rxf5 41. R1d2) 40... Qxa6 41. Qc3+ (41. Qxa6 $16 Rxa6 42. Bxf5 gxf5 43. Rxf5) 41... f6 $14 42. Bxf5 (42. h5 $14) 42... Rxf5 $11 43. Rxf5 gxf5 $14 {[%mdl 4096] Endgame KQR-KQR} 44. Qc5 Qb7+ 45. Kh2 Re5 46. Qd4 Qe4 47. Qd8 {Threatening mate with Rd7+.} Re7 48. Rd4 $36 {[%mdl 2048] White has the initiative.} Qb7 (48... Qe6 $1 $11) 49. Rd5 $16 f4 {[#]} 50. g4 $1 {[%cal Rg4g5] Black must now prevent g5.} Qc7 51. Qxc7 Rxc7 {KR-KR} 52. Rd4 (52. Rf5 $16) 52... Kg6 $14 53. Rxf4 Ra7 (53... h5 $1 $14) 54. Rf5 $16 Rb7 55. Kg3 Ra7 56. Rb5 Rc7 57. Rb6 {g5 is the strong threat.} h6 58. Rd6 Ra7 59. f3 Rb7 60. Rd8 Ra7 61. h5+ Kf7 62. Rh8 {White wants to mate with Rh7+.} Kg7 63. Rd8 Kf7 $1 64. Rh8 {White threatens Rh7+ and mate.} Kg7 {Black escapes into a draw.  Weighted Error Value: White=0.17/Black=0.20} 1/2-1/2

[Event "2nd Charlotte Masters 2021"]
[Site "Charlotte"]
[Date "2021.04.11"]
[Round "5.4"]
[White "Wang, Tianqi"]
[Black "Eckert, Doug"]
[Result "1-0"]
[WhiteElo "2335"]
[BlackElo "2162"]
[Annotator "TA"]
[PlyCount "107"]
[EventDate "2021.04.09"]
[EventType "swiss"]
[EventCountry "USA"]
[SourceTitle "playchess.com"]
[Source "ChessBase"]
[SourceQuality "1"]

{[%evp 9,107,26,22,36,37,19,29,30,22,9,58,56,46,27,37,35,45,12,18,-11,-11,-29,-17,0,0,-31,78,-57,-66,-73,104,124,121,115,121,111,125,129,121,127,171,160,153,166,219,212,212,207,203,202,224,218,216,203,220,192,192,192,198,204,204,195,294,216,215,214,209,202,201,196,211,206,209,203,206,206,243,240,238,238,268,242,276,247,277,269,338,310,338,327,723,317,664,289,491,484,481,470,420,346]} 1. e4 e5 2. Nf3 Nc6 3. d4 exd4 4. Nxd4 Qf6 5. Nf3 Bc5 6. Nc3 {[%cal Bb1c3,Bc3b5,Bb5d4,Bd4b3][%mdl 32] C45: Scotch Game.} Nge7 {[#]} 7. Nb5 $146 ({Predecessor:} 7. Bg5 Qg6 8. Bd3 h6 9. e5 Qh5 10. Bxe7 Nxe7 11. Ne4 Bb6 12. h3 Qg6 13. Nd6+ cxd6 14. Bxg6 Nxg6 15. exd6 {1-0 (29) Caspi,I (2489)-Garcia Ramos,D (2367) chess.com INT 2020}) 7... Bb6 8. Be3 {White has an edge.} Ba5+ 9. c3 a6 10. Nbd4 h6 11. Nb3 Bb6 12. Bxb6 cxb6 13. Qd2 O-O 14. O-O-O d5 $1 15. exd5 {[#]} Rd8 $1 16. c4 (16. Nbd4 Nxd5) 16... b5 {aiming for ...bxc4.} 17. Qc3 {[#]} bxc4 (17... Qd6 $1 $15) 18. Bxc4 (18. Qxf6 $16 gxf6 19. dxc6 (19. Bxc4 Nb4 $14) 19... Rxd1+ 20. Kxd1 cxb3 21. cxb7 Bxb7 22. axb3) 18... Qf4+ $15 19. Kb1 {[#]} Bf5+ $2 (19... Nxd5 $1 $17 {and life is bright.} 20. Bxd5 (20. Rxd5 Rxd5 21. Bxd5 Qf5+ {[%mdl 64] Double Attack} 22. Qc2 Qxd5 $15) 20... Qf5+ {[%mdl 64] Double Attack} 21. Ka1 Rxd5) 20. Ka1 $16 {Black is on the road to losing.} b5 21. dxc6 bxc4 {[#]} 22. Na5 $1 $36 {[%mdl 2048] Keeping Black busy.} Bd3 23. Qe5 Qxe5 24. Nxe5 Rd5 25. Naxc4 Bxc4 26. Nxc4 {Threatens to win with Rxd5.} Rc5 (26... Rad8 $142 27. Rxd5 Rxd5) 27. Nb6 $18 Re8 28. Rhe1 {Nd5! is the strong threat.} Rxc6 29. Nd5 Re6 30. Rxe6 fxe6 {[%mdl 4096] Endgame KRN-KRN} 31. Nc7 Rc8 32. Nxe6 Rc2 33. Rf1 Nd5 34. Kb1 Re2 35. Nc5 Kf7 (35... a5 {keeps fighting.} 36. h4 Nb4) 36. Nd3 Rd2 37. Ne5+ Kf6 38. Nf3 Re2 39. Ng1 Rd2 40. Kc1 Rd4 41. Ne2 Rc4+ 42. Kd2 Ke5 43. Rc1 Rb4 44. b3 Rb7 45. Rc4 g5 46. g3 Nf6 47. Nc3 g4 48. b4 h5 49. a4 Nd5 $2 (49... Rf7 50. Ke3 Rb7 51. Rc5+ Kd6) 50. b5 (50. Rc5 $142) 50... Rf7 $2 (50... Nxc3 51. Kxc3 axb5 52. Rc5+ Kd6 53. Rxb5 Rc7+ 54. Kb4 Rc2 55. Rxh5 Rxf2) 51. Ke2 (51. Rc5 $142 Ke6 52. Rxd5 axb5 53. axb5 Rxf2+ 54. Kc1) 51... Rf3 $2 (51... Nxc3+ {was worth a try.} 52. Rxc3 axb5 53. Rc5+ Kd4 54. Rxb5 Rh7) 52. Nxd5 Kxd5 53. Rb4 Kc5 54. Re4 {Weighted Error Value: White=0.26/Black=0.39} 1-0

[Event "2nd Charlotte Masters 2021"]
[Site "Charlotte"]
[Date "2021.04.11"]
[Round "5.5"]
[White "Yanayt, Eugene"]
[Black "Oberoi, Shelev"]
[Result "0-1"]
[WhiteElo "2079"]
[BlackElo "2229"]
[Annotator "TA"]
[PlyCount "102"]
[EventDate "2021.04.09"]
[EventType "swiss"]
[EventCountry "USA"]
[SourceTitle "playchess.com"]
[Source "ChessBase"]
[SourceQuality "1"]

{[%evp 13,102,16,41,-104,45,33,35,20,38,43,36,38,43,47,96,57,79,78,64,77,88,85,120,113,121,114,139,120,131,116,137,75,93,39,38,-6,26,16,33,-91,-75,-252,-98,-184,-168,-161,-154,-188,-188,-230,-203,-226,-217,-227,-179,-167,-176,-170,-105,-268,-289,-394,-379,-394,-394,-500,-469,-527,-429,-527,-509,-614,-589,-729,-740,-814,-806,-1138,-877,-672,0,-679,-658,-1104,-1029,-5285,-3511,-29954,-29961,-29960,-29959]} 1. d4 Nf6 2. c4 g6 3. Nc3 Bg7 4. e4 d6 5. h3 O-O 6. Bg5 c5 7. d5 Qa5 {Hoping for ...Nxe4.} 8. Bd3 {[#] E71: King's Indian: 4 e4 d6 5 h3.} (8. Qd2 $14 {keeps the upper hand.}) 8... e6 (8... Nxe4 $1 $17 {[%mdl 512]} 9. Bxe4 Bxc3+ 10. Bd2 (10. bxc3 Qxc3+ 11. Kf1 Qe5 $17 {[%mdl 64] Double Attack}) 10... Bxd2+ 11. Qxd2 Qxd2+ 12. Kxd2 Nd7) 9. Nge2 $14 exd5 10. cxd5 {White is slightly better.} a6 11. a4 Nbd7 12. O-O {[#]} h6 $146 ({Predecessor:} 12... Ne5 13. f4 Nxd3 14. Qxd3 Re8 15. e5 Bf5 16. Qf3 dxe5 17. fxe5 Nd7 18. e6 fxe6 {½-½ (54) Bedos,M (2277)-Gachet,S (2290) France 2008}) 13. Bf4 Ne8 14. Ng3 Ne5 15. Be2 Qd8 16. Qd2 h5 17. Rfe1 h4 18. Nf1 f5 19. Nh2 fxe4 20. Nxe4 Bf5 21. Ng5 Qf6 22. Be3 ({White should play} 22. Rac1) 22... Nc7 23. Ra2 (23. b4 $16) 23... Rae8 24. Nhf3 Nxf3+ 25. Nxf3 Be4 26. Bg5 (26. b4 $14) 26... Qf5 $17 {[%cal Re4f3]} 27. Bxh4 $2 (27. Be3 $17) 27... Qxd5 $2 (27... Bxf3 $19 {and Black stays clearly on top.} 28. gxf3 Qxh3) 28. Rc1 {[#]} Qxd2 $1 $19 ({And not} 28... Bxf3 29. Bc4 $16) 29. Nxd2 {[#]} Bxg2 {[%mdl 512]} 30. Bc4+ (30. Bg4 Bd5) 30... Bd5 31. b3 b5 32. axb5 axb5 33. Bd3 Kh7 34. Ra7 Rf7 35. Bg3 {[#]} Be5 ({Better is} 35... Bd4 $1 $19 36. Bf1 c4 37. bxc4 Bxa7 38. cxd5 Kg7) 36. Nf1 $2 (36. Be4 $17 Bxg3 37. Bxd5 Bxf2+ 38. Kg2) 36... Bxb3 37. h4 {Threatening h5.} Kg7 38. Bxe5+ Rxe5 39. Ne3 c4 40. Bf1 Nd5 41. Rxf7+ Kxf7 42. Ng4 Re4 43. f3 Rd4 44. Ra1 Ba4 45. Kf2 Rd2+ 46. Ke1 Rd4 $2 ({Black should try} 46... c3 $19 47. Be2 Nb4) 47. Nf2 $2 {[%mdl 8192]} (47. Kf2 $11 c3 48. Be2) 47... Ne3 {Threatens to win with ...Nc2+.} 48. Ra2 Nxf1 49. Kxf1 c3 50. Ke2 c2 51. Ra1 Rd1 {[%mdl 64] Promotion.  Weighted Error Value: White=0.60/Black=0.31} 0-1

[Event "2nd Charlotte Masters 2021"]
[Site "Charlotte"]
[Date "2021.04.11"]
[Round "5.6"]
[White "Wu, Rochelle"]
[Black "Wu, Derek"]
[Result "1/2-1/2"]
[WhiteElo "2132"]
[BlackElo "2175"]
[Annotator "TA"]
[PlyCount "32"]
[EventDate "2021.04.09"]
[EventType "swiss"]
[EventCountry "USA"]
[SourceTitle "playchess.com"]
[Source "ChessBase"]
[SourceQuality "1"]

{[%evp 10,32,8,0,11,-24,-26,-19,-18,-15,-8,-10,-11,-26,-21,-36,-31,-41,15,29,10,13,17,2,13]} 1. g3 d5 2. Bg2 Nf6 3. d4 e6 4. Nf3 Be7 5. O-O O-O 6. c3 c5 {D02: 1 d4 d5 2 Nf3 sidelines, including 2...Nf6 3 g3 and 2...Nf6 3 Bf4.} 7. Qc2 b6 8. Nbd2 {[#]} Ba6 $146 ({Predecessor:} 8... Bb7 9. Ne5 cxd4 10. cxd4 Qc8 11. Qb3 Nc6 12. Ndf3 Na5 13. Qa4 Qe8 14. Qxe8 Raxe8 {½-½ (27) Vrona,M (1930)-Borsos,B (2257) Harkany 2018}) 9. Re1 Nc6 10. dxc5 Bxc5 11. b4 Be7 12. Qa4 Bb7 13. Bb2 a5 (13... Qc7 $15) 14. b5 $11 Nb8 {[%cal Bc6b8,Bb8d7,Bd7c5][%mdl 32]} 15. Rad1 Nbd7 16. c4 Nc5 {Weighted Error Value: White=0.07/Black=0.11} 1/2-1/2

[Event "2nd Charlotte Masters 2021"]
[Site "Charlotte"]
[Date "2021.04.11"]
[Round "6.1"]
[White "Matta, Nicholas"]
[Black "Wang, Tianqi"]
[Result "*"]
[WhiteElo "2201"]
[BlackElo "2335"]
[Annotator "TA"]
[PlyCount "75"]
[EventDate "2021.04.09"]
[EventType "swiss"]
[EventCountry "USA"]
[SourceTitle "playchess.com"]
[Source "ChessBase"]
[SourceQuality "1"]

{[%evp 18,75,46,29,49,12,14,0,0,0,0,0,-10,0,0,-6,5,-33,-33,-33,-13,-16,-8,-24,-5,-46,-41,-49,-33,-33,-32,-89,-39,-39,-39,-39,-40,-131,-127,-129,-89,-70,-35,-22,0,0,83,72,74,88,83,0,218,218,221,219,329,324,398,-972]} 1. d4 Nf6 2. c4 c5 3. d5 e6 4. Nc3 exd5 5. cxd5 d6 6. Nf3 g6 7. Bf4 a6 8. a4 Bg7 9. h3 O-O 10. e3 Re8 {10...Ne8 is a critical line. A61: Modern Benoni: Nf3 without early e4.} 11. Be2 Ne4 12. Nxe4 Rxe4 {The position is equal.} 13. Ra2 Rb4 14. b3 Qe7 15. O-O Nd7 {[#]} 16. Nd2 $146 ({Predecessor:} 16. Bc4 Nb6 17. Nd2 Be5 18. Bxe5 Qxe5 19. a5 Nd7 20. Nf3 Qe7 21. Qa1 b5 22. axb6 Rxb6 {½-½ (34) Levkovsky,A (2284)-Chiku Ratte,O (2233) Montreal 2013}) 16... Ne5 17. Nc4 Nxc4 18. Bxc4 Bd7 19. e4 b5 20. axb5 Bxb5 21. Qd3 Bxc4 22. bxc4 a5 23. Bd2 a4 24. Qc2 (24. Bxb4 $15 cxb4 25. Rb1) 24... Qa7 25. Rb1 $1 Rxb1+ 26. Qxb1 Be5 {And now ...Rb8 would win.} 27. f4 (27. Qc2 $15) 27... Bd4+ $17 28. Kh2 h5 29. Qd3 Qb7 30. Be3 Bb2 31. e5 a3 (31... dxe5 $11 {keeps the balance.} 32. f5 (32. Bxc5 exf4 33. d6 Rd8 $11) 32... Bd4) 32. exd6 $16 Qb6 33. d7 Qd6 34. Qb3 ({White should play} 34. Qe4 $16 Qxd7 35. Bxc5) 34... g5 $2 {[#]} (34... Qxd7 $11 {and Black has nothing to worry.} 35. Bxc5 Qf5) 35. Bxc5 $1 $18 {[%mdl 512]} Qxf4+ ({Much worse is} 35... Qxc5 {[#]} 36. Qxb2 $3 {[%mdl 512]} Qxc4 37. Qxa3 $1 $18 {[%mdl 512]} (37. fxg5 $2 Qc7+ 38. d6 Qxd6+ 39. g3 axb2 $19)) 36. Qg3 {Qxf4 is the strong threat.} Qf6 (36... Qf5 $142 37. Rxa3 (37. Bxa3 $2 Be5 $19) 37... Bxa3 38. Bxa3 Rd8) 37. Rxa3 ({Wrong is} 37. Bxa3 $2 Be5 $19) 37... Rd8 {Strongly threatening ...Be5.} 38. Ra2 $4 {[%mdl 8192] Weighted Error Value: White=0.15/Black=0.33} (38. Re3 $18 Rxd7 39. Re8+ Kh7 40. Be3) *

[Event "2nd Charlotte Masters 2021"]
[Site "Charlotte"]
[Date "2021.04.12"]
[Round "6.2"]
[White "Colas, Joshua"]
[Black "Putnam, Liam"]
[Result "1-0"]
[WhiteElo "2298"]
[BlackElo "2076"]
[Annotator "TA"]
[PlyCount "125"]
[EventDate "2021.04.09"]
[EventType "swiss"]
[EventCountry "USA"]
[SourceTitle "playchess.com"]
[Source "ChessBase"]
[SourceQuality "1"]

{[%evp 12,125,37,12,26,37,56,3,27,14,18,27,37,31,52,32,71,28,33,33,32,34,43,34,41,30,34,31,41,33,35,28,43,52,42,29,37,18,16,8,23,21,40,38,62,72,107,108,315,300,302,296,484,478,450,435,542,542,535,532,472,436,419,411,461,451,520,526,522,522,511,510,457,471,506,506,542,530,574,572,645,638,690,662,1610,612,2031,970,29980,29981,29982,29983,29983,29984,29983,29984,29983,29980,29978,29979,29984,29985,29986,29987,29990,29991,29991,29992,29992,29992,29992,29993,29994,29995,29995,29996]} 1. c4 Nf6 2. Nf3 e6 3. g3 d5 4. Bg2 dxc4 5. Qa4+ Nbd7 6. Qxc4 a6 7. Qb3 Be7 {A13: English Opening: 1...e6.} 8. O-O O-O 9. Nc3 {has lost popularity (9.d4).} ({White should play} 9. d4 $14) 9... c5 {The position is equal.} 10. a4 Qc7 11. d3 Bd6 12. a5 {[#]} b5 $146 ({Predecessor:} 12... Nb8 13. Bg5 Nc6 14. Bxf6 gxf6 15. Qc4 Be7 16. Qg4+ Kh8 17. Qh5 Rg8 18. Ne4 Rg6 {1-0 (39) Lewis,A (2272)-Polaczek,R (2389) England 2018}) 13. axb6 $1 Nxb6 {[%cal Bd7b6,Bb6d5,Bd5b4][%mdl 32]} 14. Qc2 Bb7 15. b3 Nbd5 16. Bb2 Rfb8 17. Rfc1 Nb4 18. Qd1 Qe7 19. Na4 Nd7 20. Nd2 Bxg2 21. Kxg2 Nb6 22. Nxb6 Rxb6 23. Nc4 Rb5 24. Kg1 Qd7 25. Ra4 Bf8 26. Rca1 Rab8 27. Bc3 Nd5 28. Be5 R8b7 29. Rxa6 Rxb3 $2 {Loses the game.} (29... Nc7 $16 {keeps fighting.}) 30. Na5 {[%mdl 64] [#] Double Attack} R3b6 31. Nxb7 Rxa6 (31... Rxb7 32. Qc1 f6) 32. Rxa6 $18 Qxb7 33. Qa1 f6 34. Bd6 Bxd6 35. Rxd6 {[%mdl 4096] Endgame KQR-KQN} Kf7 36. Ra6 {[#] And now Ra7 would win.} Qb3 37. Ra3 Qc2 38. Ra2 Qb3 39. Rb2 Qc3 40. Rb7+ Kg6 41. Qxc3 Nxc3 {KR-KN} 42. Kf1 f5 43. Rc7 Na4 44. Ke1 Kf6 45. f4 h6 46. Kd2 g5 47. Rb7 e5 48. e3 (48. Ra7 $142 exf4 49. Rxa4) 48... h5 49. Kc2 (49. Ra7 $142 exf4 50. Rxa4 fxg3 51. hxg3) 49... gxf4 50. gxf4 {White mates.} exf4 51. exf4 c4 52. d4 c3 53. Rb4 Nb2 54. Kxc3 Nd1+ 55. Kc4 Ne3+ 56. Kc5 h4 57. d5 Kg6 58. d6 Kf7 59. Rb7+ Kf6 60. d7 Ke7 61. Kc6 Nc4 62. Kc7 Na5 63. d8=Q+ {Weighted Error Value: White=0.15/Black=0.36} 1-0